Andělé pro každý účel /

Uložené v:
Podrobná bibliografia
Hlavný autor: Webster, Richard, 1946- (Author)
Ďalší autori: Slámová, Jana (Translator)
Médium: Kniha
Jazyk:Czech
English
Vydané: Bratislava : Eugenika, 2024.
Témy:
ISBN: 9788081007484
Fyzický popis: 244 strán ; 20 cm.
Tagy: Pridať tag
Žiadne tagy, Buďte prvý kto otaguje tento záznam!

MARC

LEADER 00000nam a2200000 i 4500
001 000730388
005 20250529102337.0
008 241210s2024 xo g 000 0dcze d
020 |a 9788081007484  |q (brožované) 
040 |a SVKKK  |b slo  |c SVKKK  |e rda 
041 1 |a cze  |h eng 
044 |a xo  |c SK 
072 7 |a 2-1  |x Prirodzená teológia. Náboženská filozofia  |2 konspekt 
080 |a 2-167.2  |2 2011 
080 |a 159.96  |2 2011 
080 |a 133.2  |2 2011 
080 |a 2-58-472  |2 2011 
080 |a (035)  |2 2011 
100 1 |a Webster, Richard,  |d 1946-  |4 aut 
240 1 3 |a An Angel for anything.  |l Česky 
245 1 0 |a Andělé pro každý účel /  |c Richard Webster ; přeložila Jana Slámová. 
264 1 |a Bratislava :  |b Eugenika,  |c 2024. 
300 |a 244 strán ;  |c 20 cm. 
336 |a text  |b txt  |2 rdacontent 
337 |a bez média  |b n  |2 rdamedia 
338 |a zväzok  |b nc  |2 rdacarrier 
500 |a Preložené z angličtiny 
500 |a Obálkový podnázov: Abecední seznam témat a vhodných andelů. Přivolání andělů a získavání rad. Práce s archanděly. Andělé lásky. Andělé hojnosti 
500 |a Obsahuje biografické údaje o autorovi 
650 0 7 |a anjeli  |2 SVKKKPH 
650 0 7 |a channeling  |2 SVKKKPH 
650 0 7 |a duchovné cvičenia  |2 SVKKKPH 
650 0 7 |a duchovné vedenie  |2 SVKKKPH 
650 0 7 |a angels  |2 SVKKKPHeng 
650 0 7 |a channeling  |2 SVKKKPHeng 
650 0 7 |a spiritual exercises  |2 SVKKKPHeng 
650 0 7 |a spiritual leadership  |2 SVKKKPHeng 
655 7 |a príručky  |2 SVKKKPH 
655 7 |a handbooks and manuals  |2 SVKKKPHeng 
700 1 |a Slámová, Jana  |4 trl 
910 |a svkkk 
919 |a 978-80-8100-748-4 
998 |a BK 
090 |g SCKHL  |k Sklad Hlavná 10 prízemie  |a III.258443  |j 1133000  |i 2721144507  |s Povinný výt.